000 00772nam a22002897a 4500
003 dpl
005 20240724122858.0
008 240305b |||||||| |||| 00| 0 eng d
010 _aENG-140950
035 _aEN-124482
035 _aEN-124482
035 _aEN-124482
037 _bDBAD
040 _c.
082 _a920.009
100 _aSaran ,Renu
_962808
245 _aEncyclopedia of Bollywood;
_bFilm Actors
260 _aUttar Pradesh
_bAnkur Publication
_c2011
270 _a231,Sec 15 A Noida
_bUttar Pradesh
300 _a260Pages
_c22m,(hb)
440 _aEncyclopedia of Bollywood Flim Actors
_968827
700 _962809
700 _962810
700 _962811
700 _962818
942 _2ddc
_cEN
_h920.009
_mREN
999 _c204367
_d204367